000 00893pam a2200265 a 4500
001 2975612
003 ARRUPE
005 20160823110643.0
008 920103s1992 nyu b 001 0 eng
010 _a 92000747
020 _a0809133261 (pbk.) :
_c$9.95
040 _aDLC
_cDLC
_dDLC
050 0 0 _aBX1912
_b.R38 1992
082 0 0 _a262/.142
_220
100 1 _aRausch, Thomas P.
_925297
245 1 0 _aPriesthood today :
_ban apppraisal /
_cThomas P. Rausch.
260 _aNew York :
_bPaulist Press,
_cc1992.
300 _aviii, 139 p. ;
_c21 cm.
504 _aIncludes bibliographical references and index.
610 2 0 _aCatholic Church
_xClergy.
_925298
650 0 _aPriesthood.
_925299
906 _a7
_bcbc
_corignew
_d1
_eocip
_f19
_gy-gencatlg
942 _2lcc
_cMONOGRAPH
999 _c125073
_d125073